Top 10 des communes de France par lettre - J - Statistiques

Statistiques générales
  • Ce quiz a été pris 71 fois
  • Le résultat moyen est 3 sur 10
Statistiques - réponses
Région/Collectivité Population Commune % Correct
Île-de-France 18.978 Juvisy-sur-Orge
64%
Centre-Val de Loire 38.432 Joué-lès-Tours
56%
Île-de-France 20.784 Joinville-le-Pont
44%
Île-de-France 17.411 Jouy-le-Moutier
34%
Bourgogne-Franche-Comté 9.055 Joigny
30%
Hauts-de-France 10.273 Jeumont
16%
Occitanie 13.776 Juvignac
15%
Grand Est 9.362 Jarville-la-Malgrange
13%
Bretagne 8.618 Janzé
11%
Grand Est 8.090 Jarny
10%
Aucun quiz correspondant
Distribution des résultats
% des personnes avec chaque résultat
Percentile par nombre de réponses
Votre historique - résultats
Vous n’avez pas pris ce quiz